[Event "Druzynowe Mistrzostwa Polski Juniorow - I Liga 2023"]
[Site "Lublin"]
[Date "1899-12-30"]
[Round "8.33"]
[White "Kisiel, Dominik"]
[Black "Ladon, Tymoteusz"]
[Result "1-0"]
[WhiteTitle "II"]
[BlackTitle "II"]
[WhiteElo "1343"]
[BlackElo "1336"]

1. d4 Nf6 2. c4 g6 3. Nc3 Bg7 4. e4 d6 5. Nf3 O-O 6. h3 e5 7. d5 a6 8. g4 h5 9.
g5 Nh7 10. Be3 c6 11. Be2 cxd5 12. cxd5 b5 13. h4 Bg4 14. Nd2 Bxe2 15. Qxe2 Nd7
16. Nb3 Rc8 17. a3 f5 18. gxf6 Qxf6 19. O-O-O Nc5 20. Nxc5 dxc5 21. Kb1 Qd6 22.
Rhg1 Rb8 23. Rg2 b4 24. axb4 Rxb4 25. Rdg1 Rf6 26. Bd2 Qb6 27. Nd1 Rb3 28. Bc3
Rd6 29. f4 exf4 30. Bxg7 Kxg7 31. e5 f3 32. Qc2 fxg2 33. exd6 Rg3 34. d7 Qd6 35.
Qf2 Rg4 36. Ne3 Rf4 37. d8=Q Qe5 38. Qxg2 g5 39. Qd7+ Rf7 40. Qe6 Qd4 41. Nf5+
1-0

[Event "Druzynowe Mistrzostwa Polski Juniorow - I Liga 2023"]
[Site "Lublin"]
[Date "1899-12-30"]
[Round "8.34"]
[White "Kalinowski, Rafal"]
[Black "Bombinski, Michal"]
[Result "0-1"]
[WhiteTitle "II"]
[BlackTitle "II"]
[WhiteElo "1267"]
[BlackElo "1248"]

1. d4 Nf6 2. Nf3 g6 3. Bg5 Bg7 4. e3 O-O 5. Bd3 d6 6. O-O Nc6 7. Nc3 Qe8 8. a3
e5 9. d5 Ne7 10. e4 h6 11. Bxf6 Bxf6 12. Nb5 Qd7 13. c4 a6 14. Nc3 g5 15. Nd2
Ng6 16. b4 Nf4 17. Nb3 Kh8 18. f3 Rg8 19. Ra2 Qd8 20. c5 g4 21. b5 gxf3 22. Qxf3
Bg4 23. Qe3 Bg5 24. Rxf4 Bxf4 25. Qf2 Qg5 26. Kh1 Qh5 27. Qg1 Rg7 28. bxa6 bxa6
29. Be2 Bxe2 30. Nxe2 Rag8 31. Nxf4 exf4 32. Nd4 f3 33. Qa1 Rxg2 34. Nxf3+ R2g7
35. Nd4 Rg1+ 36. Qxg1 Rxg1+ 37. Kxg1 Qd1+ 38. Kg2 Qxd4 39. cxd6 Qxe4+ 40. Kf1
cxd6 41. Re2 Qxd5 42. Kf2 Kg7 43. Re3 f5 44. h3 Kf6 45. Ke2 f4 46. Rd3 Qg2+ 47.
Kd1 Ke5 48. Ke1 f3 49. Re3+ Kf4 50. Rb3 Qe2# 0-1

[Event "Druzynowe Mistrzostwa Polski Juniorow - I Liga 2023"]
[Site "Lublin"]
[Date "1899-12-30"]
[Round "8.35"]
[White "Kicinska, Magdalena"]
[Black "Pastuszko, Katarzyna"]
[Result "1/2-1/2"]
[WhiteTitle "I++"]
[BlackTitle "I++"]
[WhiteElo "1562"]
[BlackElo "1312"]

1. d4 d5 2. Nf3 Nf6 3. c4 c6 4. g3 Bf5 5. Bg2 g6 6. Nc3 Bg7 7. Qb3 Qb6 8. Qxb6
axb6 9. cxd5 Nxd5 10. Nxd5 cxd5 11. O-O Nc6 12. a3 Bxd4 13. Nxd4 Nxd4 14. Bxd5
Nxe2+ 15. Kg2 Nd4 16. Bxb7 Rb8 17. Bd5 Rd8 18. Bb7 Rb8 19. Be3 Rxb7 20. Bxd4 O-O
21. Rac1 f6 22. f4 Re8 23. Rfe1 Kf7 24. Bc3 Rd7 25. Rcd1 Rxd1 26. Rxd1 e5 27.
Rd6 Re6 28. Rxe6 Kxe6 29. fxe5 fxe5 30. Kf3 Kd5 31. Ke3 b5 32. Bb4 Bc2 33. Bc3
Bf5 34. Bb4 Bc2 35. Bc3 1/2-1/2

[Event "Druzynowe Mistrzostwa Polski Juniorow - I Liga 2023"]
[Site "Lublin"]
[Date "1899-12-30"]
[Round "8.36"]
[White "Malicka, Magdalena"]
[Black "Kicinska, Anna"]
[Result "1-0"]
[WhiteTitle "I++"]
[BlackTitle "I++"]
[WhiteElo "1260"]
[BlackElo "1424"]

1. Nf3 d5 2. g3 Nf6 3. Bg2 Bg4 4. O-O Nbd7 5. h3 Bh5 6. d3 c6 7. Qe1 e5 8. e4 dxe4
9. dxe4 Be7 10. Nbd2 O-O 11. Nh4 Re8 12. Nf5 Bf8 13. a4 Nc5 14. b3 Nfd7 15. Bb2
f6 16. a5 Qc7 17. Kh1 Ne6 18. Ba3 c5 19. Nc4 Nd4 20. Nxd4 cxd4 21. Bxf8 Rxf8 22.
f4 b5 23. axb6 axb6 24. Qd2 Bf7 25. Nb2 Rfc8 26. Rxa8 Rxa8 27. Nd3 h6 28. Nb4
Nc5 29. Qf2 Qd7 30. fxe5 fxe5 31. Nd5 Nxe4 32. Ne7+ Qxe7 33. Bxe4 Rd8 34. Qf5
g6 35. Qf6 Qd7 36. Kh2 Rc8 37. Bxg6 Rc7 38. Bxf7+ Qxf7 39. Qd8+ Kg7 40. Rxf7+
Rxf7 41. Kg2 b5 42. Qd5 Re7 43. Qd6 Kf7 44. Qxh6 e4 45. Qh7+ Ke8 46. Qh8+ Kf7
47. Qxd4 e3 48. Qd5+ Kf8 49. Qf5+ Kg7 50. Qg5+ Kf8 51. Qxe7+ 1-0

[Event "Druzynowe Mistrzostwa Polski Juniorow - I Liga 2023"]
[Site "Lublin"]
[Date "1899-12-30"]
[Round "8.37"]
[White "Karut, Kacper"]
[Black "Borowik, Wojciech"]
[Result "1-0"]
[WhiteTitle "I"]
[BlackTitle "I++"]
[WhiteElo "1954"]
[BlackElo "1823"]

1. e4 c5 2. Nf3 d6 3. d4 cxd4 4. Nxd4 Nf6 5. Nc3 a6 6. h4 e5 7. Nb3 Be6 8. f4 g6
9. Be2 Be7 10. g3 O-O 11. Be3 Nbd7 12. Qd2 Ng4 13. O-O-O Nxe3 14. Qxe3 Rc8 15.
Kb1 Qc7 16. h5 exf4 17. gxf4 Bf6 18. hxg6 fxg6 19. f5 gxf5 20. Rdg1+ Bg7 21. Rxg7+
Kxg7 22. Qh6+ Kf7 23. Nd4 Nf6 24. Bh5+ Ke7 25. exf5 Bf7 26. Re1+ Kd7 27. Ne6 Bxe6
28. fxe6+ Kc6 29. e7 Rce8 30. Qxf8 Qxe7 31. Bxe8+ Qxe8 32. Rxe8 Nxe8 33. Qxe8+
1-0

[Event "Druzynowe Mistrzostwa Polski Juniorow - I Liga 2023"]
[Site "Lublin"]
[Date "1899-12-30"]
[Round "8.38"]
[White "Bartnik, Michal"]
[Black "Kotowicz, Kamil"]
[Result "0-1"]
[WhiteTitle "I"]
[BlackTitle "I"]
[WhiteElo "1580"]
[BlackElo "1814"]

1. d4 Nf6 2. c4 e6 3. Nc3 Bb4 4. Qc2 c5 5. Nf3 Nc6 6. e3 b6 7. Bd2 O-O 8. a3 Bxc3
9. Bxc3 Bb7 10. Bd3 h6 11. O-O cxd4 12. exd4 d5 13. b3 Rc8 14. Qe2 Re8 15. Rfd1
Qe7 16. Ne5 Nxe5 17. dxe5 Nd7 18. Bd4 Nc5 19. Bxc5 Rxc5 20. f4 Rec8 21. b4 R5c7
22. cxd5 Bxd5 23. Qd2 Rc3 24. Rdc1 Qc7 25. Rxc3 Qxc3 26. Qxc3 Rxc3 27. Bf1 Kh7
28. g3 g5 29. fxg5 hxg5 30. a4 a5 31. bxa5 bxa5 32. Bb5 Kg7 33. Rb1 Rc2 34. Re1
Rg2+ 35. Kf1 Rxh2 36. Re3 Rc2 37. Ke1 Rc5 38. Kd2 Bc6 39. Rc3 Rd5+ 40. Rd3 Bb7
41. Rxd5 Bxd5 42. Ke3 Bb3 43. Kd4 Bc2 44. Kc3 Bb1 45. Be2 Kg6 46. g4 Be4 47. Bd1
f5 48. exf6 Kxf6 49. Kd4 Bg2 50. Kc5 e5 51. Be2 e4 52. Kd4 Bf3 53. Bb5 Bxg4 54.
Kxe4 Bd1 55. Bd7 Ke7 56. Bb5 Kd6 57. Kd3 Kc5 58. Kd2 Bf3 59. Kc3 Bc6 60. Be2 Bxa4
61. Bg4 Bc6 62. Kb3 Kd4 63. Ka3 Ke3 64. Bf5 Kf4 65. Bh3 Be4 66. Ka4 Bf5 67. Bf1
g4 68. Kxa5 g3 69. Bg2 Ke3 70. Kb4 Kf2 71. Bd5 Bg4 72. Kc4 Bf3 73. Be6 g2 74.
Bh3 g1=Q 75. Be6 Ke3 76. Kc5 Kf4+ 77. Kd6 Qd4+ 78. Ke7 Ke5 79. Kf7 Bh5+ 0-1

[Event "Druzynowe Mistrzostwa Polski Juniorow - I Liga 2023"]
[Site "Lublin"]
[Date "1899-12-30"]
[Round "8.39"]
[White "Pycinski, Wladyslaw"]
[Black "Jaszczuk, Piotr"]
[Result "1-0"]
[WhiteTitle "I"]
[BlackTitle "II"]
[WhiteElo "1927"]
[BlackElo "1619"]

1. e4 c5 2. Nf3 Nc6 3. d4 cxd4 4. Nxd4 Nf6 5. Nc3 e5 6. Ndb5 d6 7. Nd5 Nxd5 8.
exd5 Nb8 9. c4 Be7 10. Be2 O-O 11. O-O f5 12. Kh1 f4 13. Nc3 Bf5 14. f3 Nd7 15.
Bd3 Bh4 16. Bxf5 Rxf5 17. Ne4 Nf6 18. Qe2 Nh5 19. Bd2 Be7 20. Rfd1 Bf8 21. Be1
g5 22. Rac1 Nf6 23. b4 b6 24. Bf2 Rc8 25. c5 bxc5 26. bxc5 dxc5 27. Bxc5 Nd7 28.
d6 Nxc5 29. Nxc5 Rf7 30. Ne6 Qd7 31. Rxc8 Qxc8 32. Qxe5 h6 33. Nxf8 Rxf8 34. d7
Qd8 35. Qe6+ Kg7 36. Rd6 Rf6 37. Qxf6+ Qxf6 38. Rxf6 Kxf6 39. d8=Q+ 1-0

[Event "Druzynowe Mistrzostwa Polski Juniorow - I Liga 2023"]
[Site "Lublin"]
[Date "1899-12-30"]
[Round "8.40"]
[White "Toczylowski, Mateusz"]
[Black "Tim, Wojciech"]
[Result "0-1"]
[WhiteTitle "II"]
[BlackTitle "II"]
[WhiteElo "1140"]
[BlackElo "1316"]

1. e4 e6 2. d4 d5 3. Nd2 dxe4 4. Nxe4 Bd7 5. Nf3 Bc6 6. Bd3 Nd7 7. O-O Ngf6 8.
Nxf6+ Nxf6 9. c3 Be7 10. Bg5 O-O 11. Re1 Bxf3 12. Qxf3 Qd5 13. Qxd5 Nxd5 14. Bxe7
Nxe7 15. c4 Rfd8 16. d5 c6 17. Be4 cxd5 18. cxd5 Nxd5 19. Bxd5 Rxd5 20. Rad1 Rad8
21. Rxd5 Rxd5 22. Rc1 g6 23. g3 Rd2 24. Rb1 Kf8 25. Kf1 Ke7 26. Ke1 Rc2 27. a3
e5 28. b4 Ra2 29. Rb3 Ke6 30. Rc3 b6 31. Re3 f5 32. Rc3 e4 33. Rc7 Rxa3 34. Rxh7
Ra4 35. b5 Ra5 36. Ke2 Rxb5 37. Rxa7 Rb2+ 38. Ke3 Ke5 39. Re7+ Kf6 0-1

[Event "Druzynowe Mistrzostwa Polski Juniorow - I Liga 2023"]
[Site "Lublin"]
[Date "1899-12-30"]
[Round "8.41"]
[White "Tim, Anna"]
[Black "Arciszewska, Zuzanna"]
[Result "0-1"]
[WhiteTitle "I"]
[BlackTitle "I++"]
[WhiteElo "1254"]
[BlackElo "1726"]

1. d4 Nf6 2. c4 e6 3. Nc3 Bb4 4. Bg5 h6 5. Bh4 c5 6. e3 Nc6 7. Nf3 Qa5 8. Qc2 g5
9. Bg3 Ne4 10. Rc1 f5 11. h3 Qxa2 12. Be2 Bxc3+ 13. bxc3 Qxc2 14. Rxc2 Nxg3 15.
fxg3 b6 16. d5 Na5 17. Nd2 Ke7 18. g4 Rf8 19. gxf5 Rxf5 20. Rf1 Rxf1+ 21. Kxf1
Ba6 22. Ke1 Rf8 23. Ra2 Bc8 24. Bd1 Kd6 25. e4 a6 26. Ke2 Kc7 27. Ke3 d6 28. Be2
Bd7 29. Nf3 Ra8 30. e5 Rf8 31. dxe6 Bxe6 32. exd6+ Kxd6 33. Rd2+ Kc7 34. Ne5 Rf5
35. Ke4 Rf4+ 36. Ke3 Bf5 37. Nf3 Nxc4+ 38. Bxc4 Rxc4 39. Ra2 a5 40. Ra3 Re4+ 41.
Kd2 a4 42. g4 Bh7 43. Ne1 b5 44. Nd3 Kb6 45. Ra1 Re6 46. Rc1 Rd6 0-1

[Event "Druzynowe Mistrzostwa Polski Juniorow - I Liga 2023"]
[Site "Lublin"]
[Date "1899-12-30"]
[Round "8.42"]
[White "Borowik, Monika"]
[Black "Kochanowska, Patrycja"]
[Result "1-0"]
[WhiteTitle "I"]
[BlackTitle "I+"]
[WhiteElo "1408"]
[BlackElo "1454"]

1. d4 d5 2. c4 e6 3. Nc3 Nf6 4. Nf3 b6 5. cxd5 exd5 6. Bg5 Bb4 7. Qa4+ Nbd7 8.
Qxb4 Bb7 9. e3 h6 10. Bh4 a6 11. Be2 Rb8 12. O-O c5 13. Qb3 O-O 14. Ne5 c4 15.
Qb4 Qc7 16. Nxd7 Nxd7 17. Bg3 Qc8 18. Bxb8 Qxb8 19. Bf3 Qa8 20. Qd6 Rd8 21. Bxd5
Bxd5 22. Qxd5 Qc8 23. Ne4 Qc7 24. Rac1 b5 25. Qd6 Qc8 26. Qe7 Rf8 27. b3 Nb6 28.
Qd6 Qb7 29. Nc5 Qa7 30. bxc4 bxc4 31. Rb1 Nc8 32. Qxa6 Qe7 33. Rb7 Qg5 34. Nd7
Rd8 35. Rb8 Qe7 36. Rxc8 Qxd7 37. Rxd8+ Qxd8 38. Qxc4 1-0

[Event "Druzynowe Mistrzostwa Polski Juniorow - I Liga 2023"]
[Site "Lublin"]
[Date "1899-12-30"]
[Round "8.43"]
[White "Stypka, Sebastian"]
[Black "Kozlowski, Franciszek"]
[Result "1-0"]
[WhiteTitle "II"]
[BlackTitle "I+"]
[WhiteElo "1447"]
[BlackElo "1900"]

1. e4 c5 2. Nf3 Nc6 3. d4 cxd4 4. Nxd4 e5 5. Nb5 d6 6. c4 Be7 7. Be3 a6 8. N5c3
f5 9. f3 f4 10. Bf2 Nf6 11. Na3 Be6 12. Qd2 O-O 13. Nd5 Bxd5 14. cxd5 Nb8 15.
Be2 Nbd7 16. O-O Nh5 17. Nc4 Rf6 18. Na5 Rh6 19. Nxb7 Qe8 20. Rac1 Ng3 21. Bxg3
fxg3 22. hxg3 Qb8 23. Na5 Bd8 24. Nc4 Rg6 25. f4 Rxg3 26. Rf3 Qa7+ 27. Kh2 Rg6
28. Rcf1 Nf6 29. fxe5 dxe5 30. Qe3 Ng4+ 31. Kh3 Bb6 32. Qb3 Nf2+ 33. R1xf2 Bxf2
34. g4 Rb8 35. Qa4 h5 36. Nxe5 hxg4+ 37. Nxg4 Bc5 38. Qc2 Qd7 39. Rf5 Bd4 40.
Qc4 Bxb2 41. Bd3 Rc8 42. Qb4 Bc3 43. Qb3 Rxg4 44. d6+ Kh7 45. Kxg4 g6 46. Qf7+
Qxf7 47. Rxf7+ Kg8 48. Rc7 1-0

[Event "Druzynowe Mistrzostwa Polski Juniorow - I Liga 2023"]
[Site "Lublin"]
[Date "1899-12-30"]
[Round "8.44"]
[White "Duda, Szymon"]
[Black "Walaszczyk, Mikolaj"]
[Result "1-0"]
[WhiteTitle "I+"]
[BlackTitle "II"]
[WhiteElo "1928"]
[BlackElo "1476"]

1. e4 c5 2. Nf3 a6 3. c4 Nc6 4. d4 cxd4 5. Nxd4 e5 6. Nc2 Bc5 7. Be2 d6 8. O-O
Nge7 9. Nc3 O-O 10. Be3 b6 11. Qd2 f5 12. exf5 Bxf5 13. Bf3 Bxc2 14. Qxc2 Bd4
15. Rad1 Rc8 16. Be4 h6 17. Qa4 Na5 18. Nd5 Nf5 19. Bxf5 Rxf5 20. Bxd4 exd4 21.
Rxd4 Nxc4 22. Qxa6 Ne5 23. Qxc8 1-0

[Event "Druzynowe Mistrzostwa Polski Juniorow - I Liga 2023"]
[Site "Lublin"]
[Date "1899-12-30"]
[Round "8.45"]
[White "Zmarzly, Wiktor"]
[Black "Lapczynski, Jacek"]
[Result "1-0"]
[WhiteTitle "I+"]
[BlackTitle "II"]
[WhiteElo "1818"]
[BlackElo "1222"]

1. c4 e5 2. Nc3 Nf6 3. g3 d5 4. cxd5 Nxd5 5. Bg2 Nb6 6. Nf3 Nc6 7. O-O Be7 8. d3
O-O 9. Be3 Be6 10. a3 f6 11. b4 a6 12. Ne4 Nd5 13. Bc5 b6 14. Bxe7 Ncxe7 15. Rc1
Qd7 16. d4 exd4 17. Nxd4 Bf7 18. Qd2 Rad8 19. Rfd1 Rfe8 20. Qb2 Kh8 21. b5 axb5
22. Nxb5 c6 23. Nbd6 Rf8 24. Nxf7+ Rxf7 25. Nc3 b5 26. e4 Rff8 27. exd5 cxd5 28.
Nxd5 Nxd5 29. Rxd5 Qe7 30. Rxd8 Rxd8 31. h4 h6 32. Qb4 Qa7 33. Qc5 Qa4 34. Qe7
Rb8 35. Rc7 Qd1+ 36. Kh2 Qg4 37. Bh3 Qg6 38. Bf5 1-0

[Event "Druzynowe Mistrzostwa Polski Juniorow - I Liga 2023"]
[Site "Lublin"]
[Date "1899-12-30"]
[Round "8.46"]
[White "Chmiel, Krzysztof"]
[Black "Staniczek, Kacper"]
[Result "1-0"]
[WhiteTitle "II"]
[BlackTitle "I"]
[WhiteElo "1298"]
[BlackElo "1398"]

1. d4 d5 2. c4 Nc6 3. Nf3 Bg4 4. e3 e5 5. cxd5 Qxd5 6. Be2 exd4 7. O-O O-O-O 8.
Nxd4 Bxe2 9. Qxe2 Nxd4 10. exd4 Qxd4 11. Be3 Qe5 12. Qc4 Bd6 13. g3 Kb8 14. Bd4
Qg5 15. Qxf7 Be5 16. Bxe5 Qxe5 17. Nc3 Nh6 18. Qf3 Rhf8 19. Qe4 Qh5 20. Qg2 Rd2
21. Ne4 Rxb2 22. Rab1 Rxb1 23. Rxb1 Qf3 24. Nc5 Qxg2+ 25. Kxg2 Rf5 26. Nxb7 Kc8
27. h3 Nf7 28. f4 Rd5 29. a4 Nd6 30. Nxd6+ Rxd6 31. Rb4 Rd3 32. f5 Rc3 33. Rg4
Rc2+ 34. Kf3 Rc3+ 35. Ke2 Rc5 36. Rxg7 Rxf5 37. Rxh7 Rd5 38. Rh4 c5 39. Rc4 Kd7
40. Ke3 Ke6 41. h4 Rh5 42. Rg4 Rd5 43. Rg5 Rd4 44. Rxc5 Rxa4 45. h5 Kf6 46. Kf3
a5 47. g4 Ra3+ 48. Kg2 a4 49. g5+ Kg7 50. Rc7+ Kg8 51. h6 Rb3 52. g6 Rb8 53. Ra7
Kh8 54. Rxa4 Rc8 55. Kg3 Rb8 56. Kf4 Rf8+ 57. Kg5 Rb8 58. Ra7 Rb5+ 59. Kf6 Rb6+
60. Kf7 Rb7+ 61. Kf8 Rb8+ 62. Ke7 Kg8 63. Rd7 1-0

[Event "Druzynowe Mistrzostwa Polski Juniorow - I Liga 2023"]
[Site "Lublin"]
[Date "1899-12-30"]
[Round "8.47"]
[White "Lach, Alicja"]
[Black "Slusarczyk, Anna"]
[Result "0-1"]
[WhiteTitle "I"]
[BlackTitle "I++"]
[WhiteElo "1164"]
[BlackElo "1735"]

1. e4 c5 2. Nf3 e6 3. c3 Nf6 4. e5 Nd5 5. d4 cxd4 6. cxd4 Nc6 7. Bc4 d6 8. Bxd5
exd5 9. exd6 Bxd6 10. O-O O-O 11. h3 h6 12. a3 Be6 13. Nc3 a6 14. Be3 Ne7 15.
Rc1 Ng6 16. Na4 Qe7 17. Nc5 Nf4 18. Nxe6 fxe6 19. Bxf4 Bxf4 20. Rc2 Rac8 21. Re2
Qf6 22. Rfe1 Rc6 23. a4 a5 24. Qb3 b6 25. Qb5 Rfc8 26. Qd3 g5 27. g3 Bb8 28. Nh2
h5 29. Qf3 Qg6 30. Qb3 g4 31. h4 Qf6 32. Nf1 Kf7 33. Ne3 Qxd4 34. Rd1 Rc1 35.
Red2 Qxd2 0-1

[Event "Druzynowe Mistrzostwa Polski Juniorow - I Liga 2023"]
[Site "Lublin"]
[Date "1899-12-30"]
[Round "8.48"]
[White "Slusarczyk, Agnieszka"]
[Black "Moczala, Maja"]
[Result "1/2-1/2"]
[WhiteTitle "I"]
[BlackTitle "I++"]
[WhiteElo "1400"]
[BlackElo "1651"]

1. c4 c6 2. Nf3 d5 3. e3 Nf6 4. Nc3 e6 5. b3 Nbd7 6. Qc2 Bd6 7. Bb2 O-O 8. Rg1
e5 9. cxd5 cxd5 10. g4 e4 11. g5 Ne8 12. Nd4 Nc7 13. h4 Ne5 14. Be2 Bd7 15. f4
exf3 16. Nxf3 Nxf3+ 17. Bxf3 Bc6 18. O-O-O Qe7 19. Rdf1 Ba3 20. h5 Bxb2+ 21. Kxb2
Rac8 22. g6 fxg6 23. Bg4 Bd7 24. Bxd7 Qxd7 25. hxg6 h6 26. Qd3 Qe6 27. Ne2 Qe5+
28. Kb1 a6 29. Nf4 Nb5 30. Qxd5+ Qxd5 31. Nxd5 Kh8 32. Rf7 Rxf7 33. gxf7 Rf8 34.
Rf1 Nd6 35. Ne7 Rxf7 36. Rxf7 Nxf7 37. e4 g5 38. d4 Kg7 39. e5 g4 40. Nf5+ Kg6
41. e6 g3 42. Nxg3 Nd6 43. Kc2 1/2-1/2

[Event "Druzynowe Mistrzostwa Polski Juniorow - I Liga 2023"]
[Site "Lublin"]
[Date "1899-12-30"]
[Round "8.49"]
[White "Kubik, Rafal"]
[Black "Lochinski, Pawel"]
[Result "1/2-1/2"]
[WhiteTitle "I++"]
[BlackTitle "I"]
[WhiteElo "2055"]
[BlackElo "1709"]

1. e4 c5 2. c3 e6 3. Nf3 Nc6 4. d4 d5 5. exd5 exd5 6. Bb5 c4 7. O-O Bd6 8. b3 cxb3
9. axb3 Nge7 10. h3 O-O 11. Re1 f6 12. Bd3 Kh8 13. Na3 Bf5 14. Nc2 Rc8 15. Ne3
Bxd3 16. Qxd3 Qd7 17. Bd2 b6 18. Qb5 Rfd8 19. c4 Nb4 20. Bxb4 Qxb5 21. cxb5 Bxb4
22. Rec1 Rd7 23. Rxc8+ Nxc8 24. Rc1 Ne7 25. Nf5 g6 26. Nxe7 Rxe7 27. Kf1 Kg7 28.
Rc8 Rd7 29. Ke2 Re7+ 30. Kd3 Rd7 31. Ng1 Kf7 32. g4 Bd6 33. Ne2 Kg7 34. f4 Kf7
35. h4 Kg7 36. f5 gxf5 37. gxf5 h5 38. Re8 Kh7 39. Ke3 Kg7 40. Kf3 Kh7 41. Nc1
Kg7 42. Nd3 Kh7 43. Rc8 Kg7 44. Nf2 Bb4 45. Rc1 Bd6 46. Nd1 Bb4 47. Ne3 Bd2 48.
Rg1+ Kh7 49. Ng2 Rc7 50. Ke2 Bh6 51. Ra1 Kg7 52. Ra2 Kf7 53. Kd3 Kg7 54. Ne1 Bf4
55. Nc2 Kf7 56. Nb4 Rd7 57. Nc6 Bg3 58. Rg2 Bxh4 59. Rh2 Bg3 60. Rxh5 Kg7 61.
Rh1 Bd6 62. Ra1 Kh6 63. Rxa7 Rxa7 64. Nxa7 Kg5 65. Nc8 Bc7 66. Ne7 Bd8 67. Nc6
Bc7 68. Ne7 Bd8 69. Nxd5 Kxf5 70. Nb4 Ke6 71. Nc2 f5 72. Ne1 Bf6 73. Nf3 Kd5 74.
Ke3 f4+ 75. Kxf4 Bxd4 76. Ne1 1/2-1/2

[Event "Druzynowe Mistrzostwa Polski Juniorow - I Liga 2023"]
[Site "Lublin"]
[Date "1899-12-30"]
[Round "8.50"]
[White "Grzebieniowski, Michal"]
[Black "Piechota, Kamil"]
[Result "0-1"]
[WhiteTitle "I"]
[BlackTitle "I"]
[WhiteElo "1603"]
[BlackElo "1685"]

1. d4 d5 2. Bf4 Nf6 3. Nf3 c5 4. c3 Nc6 5. e3 Qb6 6. Qb3 c4 7. Qc2 Bf5 8. Qc1 Nh5
9. Bg3 Nxg3 10. hxg3 h5 11. Nbd2 g6 12. b3 cxb3 13. axb3 Bg7 14. Be2 O-O 15. O-O
Rfc8 16. Qa3 e5 17. Rac1 exd4 18. Nxd4 Nxd4 19. cxd4 Bf8 20. Qa4 Qb4 21. Nf3 a5
22. Ne5 Rxc1 23. Rxc1 Qd2 24. Rc7 Bd6 0-1

[Event "Druzynowe Mistrzostwa Polski Juniorow - I Liga 2023"]
[Site "Lublin"]
[Date "1899-12-30"]
[Round "8.51"]
[White "Niesporek, Franciszek"]
[Black "Adamczyk, Kacper"]
[Result "1-0"]
[WhiteTitle "I"]
[BlackTitle "II"]
[WhiteElo "1644"]
[BlackElo "1277"]

1. e4 c5 2. c3 e6 3. Nf3 d5 4. exd5 exd5 5. d4 Nf6 6. Bb5+ Bd7 7. Bxd7+ Nbxd7 8.
O-O Be7 9. dxc5 Nxc5 10. Be3 O-O 11. Nbd2 Nfe4 12. Nb3 Rc8 13. Nfd4 Bg5 14. Nf5
Bxe3 15. Nxe3 Nf6 16. Nd4 Ne6 17. Qa4 Qb6 18. Ndf5 Rfe8 19. Rad1 g6 20. Qh4 Ng7
21. Nh6+ Kf8 22. Nxd5 Nxd5 23. Rxd5 Qxb2 24. Rd7 Qxa2 25. Qf6 1-0

[Event "Druzynowe Mistrzostwa Polski Juniorow - I Liga 2023"]
[Site "Lublin"]
[Date "1899-12-30"]
[Round "8.52"]
[White "Kowalski, Aleksander"]
[Black "Karwot, Marek"]
[Result "0-1"]
[WhiteTitle "II"]
[BlackTitle "II+"]
[WhiteElo "1157"]
[BlackElo "1594"]

1. e4 d5 2. exd5 Nf6 3. Nc3 Nxd5 4. Bc4 Nb6 5. Bb3 Nc6 6. h3 Bf5 7. Nf3 e6 8. d3
Be7 9. O-O O-O 10. Re1 Na5 11. Bf4 c6 12. Qe2 Nxb3 13. axb3 Nd5 14. Nxd5 Qxd5
15. Qe5 Rfd8 16. Qxd5 Rxd5 17. Be5 f6 18. Bd4 c5 19. Bc3 Kf7 20. Nh4 h5 21. Nxf5
Rxf5 22. Bd2 Rd5 23. g4 a6 24. Kg2 g6 25. Re2 Re8 26. Rae1 Bd6 27. f3 Bc7 28.
b4 cxb4 29. Bxb4 a5 30. Bc3 b5 31. b3 b4 32. Bb2 Rc5 33. Kf2 Rc6 34. Ke3 Rc8 35.
Kd2 Bg3 36. Rg1 Rxc2+ 37. Kd1 Rxe2 38. Kxe2 Rc2+ 39. Kd1 Rxb2 40. Rxg3 h4 0-1

[Event "Druzynowe Mistrzostwa Polski Juniorow - I Liga 2023"]
[Site "Lublin"]
[Date "1899-12-30"]
[Round "8.53"]
[White "Bugaj, Hanna"]
[Black "Ziobrowska, Maja"]
[Result "1-0"]
[WhiteTitle "I++"]
[BlackTitle "I++"]
[WhiteElo "1657"]
[BlackElo "1759"]

1. d4 Nf6 2. Nf3 g6 3. Nbd2 Bg7 4. e4 d6 5. Bb5+ c6 6. Bd3 O-O 7. O-O c5 8. c3
cxd4 9. cxd4 Nc6 10. Re1 Nd7 11. Nb3 a5 12. a4 Nb4 13. Bb5 Nb6 14. Bd2 Bd7 15.
Nxa5 Rxa5 16. Bxb4 Ra8 17. Bxd7 Qxd7 18. b3 f5 19. Qe2 f4 20. Rad1 h6 21. a5 Nc8
22. e5 d5 23. Rc1 Qe6 24. Qb5 g5 25. Qxb7 Ra7 26. Qc6 Qf7 27. h3 Rd8 28. a6 e6
29. Ba5 Ne7 30. Qb5 Rda8 31. Rc7 Rxa6 32. Bb4 Bf8 33. Qb7 R6a7 34. Qxa7 Rxa7 35.
Rxa7 Qe8 36. Rea1 Nc8 37. Rb7 Qc6 38. Rb8 Bxb4 39. Rxb4 Qc3 40. Raa4 Ne7 41. Ra8+
Kf7 42. Rb7 h5 43. Raa7 g4 44. Rxe7+ Kg6 45. hxg4 hxg4 46. Rg7+ Kf5 47. Raf7+
Ke4 48. Rxg4 1-0

[Event "Druzynowe Mistrzostwa Polski Juniorow - I Liga 2023"]
[Site "Lublin"]
[Date "1899-12-30"]
[Round "8.54"]
[White "Mataczyna, Aleksandra"]
[Black "Rduch, Diana"]
[Result "0-1"]
[WhiteTitle "I"]
[BlackTitle "I"]
[WhiteElo "1166"]
[BlackElo "1129"]

1. e4 e6 2. d4 d5 3. Nc3 Bb4 4. e5 c5 5. Bd2 Nc6 6. Nf3 Bxc3 7. bxc3 Bd7 8. Be2
Nge7 9. O-O h6 10. h3 c4 11. Nh2 Qc7 12. f4 O-O-O 13. Bc1 Qa5 14. Qd2 Nf5 15.
Bg4 Ng3 16. Rd1 Ne4 17. Qe1 Qxc3 18. Be3 Qxe1+ 19. Rxe1 Nb4 20. Rec1 Ba4 21. Bd1
Nc3 22. Bd2 Nxd1 23. Bxb4 Ne3 24. c3 Nc2 25. Rab1 Nxb4 26. Rxb4 b5 27. Ng4 a5
28. Rb2 Kd7 29. Ne3 Rb8 30. a3 Bb3 31. Nc2 Bxc2 32. Rcxc2 Rb7 33. Rc1 Rhb8 34.
Rcb1 Kc6 35. Kf2 b4 36. cxb4 axb4 37. axb4 Kb5 38. Ke3 Ra8 39. Ke2 Ra3 40. Rd2
Rb3 41. Rdb2 Rxb2+ 42. Rxb2 c3 43. Rb1 Kc4 44. Rd1 Rxb4 0-1

[Event "Druzynowe Mistrzostwa Polski Juniorow - I Liga 2023"]
[Site "Lublin"]
[Date "1899-12-30"]
[Round "8.55"]
[White "Pisarek, Jan"]
[Black "Serewa, Antoni"]
[Result "1/2-1/2"]
[WhiteTitle "I"]
[BlackTitle "I"]
[WhiteElo "1956"]
[BlackElo "1695"]

1. e4 c6 2. Nf3 d5 3. Nc3 Bg4 4. h3 Bxf3 5. Qxf3 e6 6. g3 Nf6 7. Bg2 Nxe4 8. Nxe4
dxe4 9. Qb3 Qc7 10. Bxe4 Nd7 11. Bg2 Bd6 12. O-O O-O 13. d4 Rac8 14. Rd1 h6 15.
Be3 Rfd8 16. c4 b6 17. Rd2 e5 18. c5 bxc5 19. dxe5 Bxe5 20. Rad1 Bf6 21. Qc2 Nb6
22. Rxd8+ Bxd8 23. Bxc5 Qe5 24. Bd4 Qe6 25. b3 c5 26. Bxc5 Nd7 27. b4 Nxc5 28.
bxc5 Bb6 29. c6 Qe5 30. Qb3 g6 31. Bf3 Qxg3+ 32. Bg2 Bxf2+ 33. Kh1 Qxb3 34. axb3
1/2-1/2

[Event "Druzynowe Mistrzostwa Polski Juniorow - I Liga 2023"]
[Site "Lublin"]
[Date "1899-12-30"]
[Round "8.56"]
[White "Rzenca, Jerzy"]
[Black "Duda, Leon"]
[Result "1/2-1/2"]
[WhiteTitle "I"]
[BlackTitle "I"]
[WhiteElo "1710"]
[BlackElo "1555"]

1. e4 c5 2. Nc3 e6 3. f4 Nc6 4. Nf3 Nge7 5. Bb5 g6 6. e5 Bg7 7. Ne4 O-O 8. Bxc6
bxc6 9. Nxc5 d6 10. exd6 Qxd6 11. d4 Rd8 12. c3 a5 13. Qe2 Nd5 14. Ne5 Qc7 15.
O-O Bf8 16. Ned3 Nb6 17. Be3 Nd7 18. Nxd7 Rxd7 19. Ne5 Ba6 20. Qf3 Bxf1 21. Nxd7
Qxd7 22. Rxf1 a4 23. h4 Rb8 24. Rf2 Rb5 25. c4 Rb4 26. Rc2 Qb7 27. Bc1 Bg7 28.
Qd3 Qb6 29. Be3 Rxb2 30. d5 Rb1+ 31. Kh2 Qd8 32. g3 exd5 33. cxd5 cxd5 34. Bd4
Rb8 1/2-1/2

[Event "Druzynowe Mistrzostwa Polski Juniorow - I Liga 2023"]
[Site "Lublin"]
[Date "1899-12-30"]
[Round "8.57"]
[White "Niesyt, Michal"]
[Black "Morozov, Artem"]
[Result "1-0"]
[WhiteTitle "I"]
[BlackTitle "II+"]
[WhiteElo "1564"]
[BlackElo "1370"]

1. e4 e6 2. d4 d5 3. Nd2 dxe4 4. Nxe4 Nd7 5. Bd3 Ngf6 6. Nxf6+ Nxf6 7. Nf3 Be7
8. O-O O-O 9. Qe2 b6 10. Bg5 Bb7 11. Rad1 h6 12. Be3 Bd6 13. c4 Qe7 14. a3 c5
15. Rfe1 Qc7 16. dxc5 bxc5 17. h3 Rab8 18. Bd2 Nd7 19. Bc3 Rfc8 20. Be4 Bxe4 21.
Qxe4 Nb6 22. Qg4 Bf8 23. Be5 Qb7 24. Bxb8 Rxb8 25. Ne5 Be7 26. b3 Rd8 27. Nxf7
Rxd1 28. Nxh6+ Kh7 29. Rxd1 Kxh6 30. Qxe6+ Kh7 31. Re1 Bf6 32. Qf5+ Kh6 33. Re8
1-0